01264 2200181 4500001002100000005001500021035002000036245006800056100001200124250001700136300002800153260003900181082001000220084001600230020002200246650002400268520079000292INLIS00000000000075520241021084305 a0010-10240000481 aUniverse Encyclopedia Venus :bSang Jelita Nan Panas /cSucipto0 aSucipto aCetakan ke-1 a56 hlm :bIlus ;c25 cm aBekasi :bUranus publishing,c2011 a523.4 a523.4 SUC u a978-602-8637-69-5 4aEnsiklopedia Planet aVenus adalah planet yang terdekat dengan dengan matahari setelah Merkurius. Selain itu, venus juga merupakan planet yang terdekat dengan kita. Terlihat terang di pagi dan sore hari, sehingga manusia juga menyebutnya sebagai bintang fajar atau bintang senja. Planet ini sudah diketahui sejak zaman pra sejarah, meskipun saat itu manusia masih menganggapnya sebagai bintang. Ketika langit pagi sedang cerah, lihatlah ke arah matahari terbit dan kamu akan melihat sebuah benda langit seperti bintang yang bercahaya terang. Hal yang sama juga bisa kamu lakukan ketika langit sore juga cerah. Lihatlah ke arah matahari tenggelam. Itulah venus, sebuah planet dan bukan bintang. Planet tidak menghasilkan cahaya sendiri. Cahaya venus yang kita lihat merupakan pantulan dari cahaya matahari.